000 00912nam a22002177a 4500
003 OSt
005 20250820090851.0
008 231024b ||||| |||| 00| 0 eng d
040 _c0
082 _aDPer 155.205 J826 January-March 2020 v. 118 n. 1-3
100 _aChavez, Robert S.
_eauthor.
_949833
245 _aThe neural representation of self is recapitulated in the brains of friends :
_ba round-Robin fMRI study /
_cRobert S. Chavez, and Dylan D. Wagner.
260 _aWashington ;
_bAmerican Psychological Association ,
_cMarch 2020.
300 _avolume 118, pages 407-416 :
_billustration ;
_c28 cm.
500 _aJournal of Personality and Social Psychology, v. 118, no. 3, pages 407-416, March 2020.
650 _aSelf-consciousness.
_948561
650 _aPersonality.
_949834
700 _aChavez, Robert S.
_eauthor.
_949833
700 _aWagner, Dylan D.
_eauthor.
_949835
942 _2ddc
_cPER
999 _c18388
_d18388